| 000 | 00592pab a2200205 454500 | ||
|---|---|---|---|
| 008 | 180718b2011 xxu||||| |||| 00| 0 eng d | ||
| 100 | _aBulte, Erwin | ||
| 245 | _aChina's one-child policy and `the mystery of missing women': Ethnic minorities and male-biased sex ratios | ||
| 260 | _c2011 | ||
| 300 | _ap.21-39. | ||
| 362 | _aFeb | ||
| 650 | _aWomen - China | ||
| 650 | _aSex discrimination - China | ||
| 650 | _aSex discrimination | ||
| 700 | _aZhang, Xiaobo | ||
| 700 | _aHeerink, Nico | ||
| 773 | _aOxford Bulletin of Economics and Statistics | ||
| 908 | _aN | ||
| 909 | _a92131 | ||
| 999 |
_c92131 _d92131 |
||